000 00635nam a2200217Ia 4500
003 GCL
008 140319s9999 xx 000 0 ara d
040 _aGCL /
_cGCL
082 0 4 _a791.43
_bا
100 1 _aالهامى حسن
245 1 0 _aمحمد توفيق /
_cالهامى حسن
700 1 _aعبدالله احمد عبدالله
260 _a[S.N] :
_bصندوق التنمية الثقافية ،
_c1995
300 _a110 ص
490 _a
650 0 4 _aمصر
650 0 4 _aالسينما
650 0 4 _aالممثلون والممثلات
650 0 4 _aالسينمائيون المصريون
942 _2ddc
_cBK
999 _c36585
_d36585